|
|
|
|
| LEADER |
01241nam a2200325 a 4500 |
| 001 |
38525 |
| 003 |
BD-DhAAL |
| 005 |
20220512123730.0 |
| 008 |
220512t2005 dcua 001 0deng d |
| 999 |
|
|
|c 44168
|d 44168
|
| 010 |
|
|
|a 2005351607
|
| 020 |
|
|
|a 0821361562
|
| 020 |
|
|
|a 9780821361566
|
| 035 |
|
|
|a (OCoLC)ocm60391508
|
| 040 |
|
|
|a DJB
|c DJB
|d DLC
|d BD-DhAAL
|
| 042 |
|
|
|a lccopycat
|
| 050 |
0 |
0 |
|a HG3881.5 .W57
|b W645 2005
|
| 082 |
0 |
0 |
|a 332.1532092
|2 22
|
| 100 |
1 |
|
|a Wolfensohn, James D.
|9 48363
|
| 245 |
1 |
0 |
|a Voice for the world's poor :
|b selected speeches and writings of World Bank president James D. Wolfensohn, 1995-2005 /
|c edited by Andrew Kircher ... [et al.].
|
| 260 |
|
|
|a Washington, D.C. :
|b World Bank,
|c c2005.
|
| 300 |
|
|
|a xix, 546 pages :
|b illustrations ;
|c 24 cm.
|
| 500 |
|
|
|a Includes index.
|
| 541 |
|
|
|a Donated By Akbar Ali Khan
|e 38525
|
| 610 |
2 |
0 |
|a World Bank.
|9 48364
|
| 650 |
|
|
|a Banks and banking.
|9 48365
|
| 700 |
1 |
|
|a Kircher, Andrew.
|9 48366
|
| 852 |
|
|
|a Ayesha Abed Library
|c Akbar Ali Khan Collection
|
| 942 |
|
|
|2 ddc
|c BK
|
| 952 |
|
|
|0 0
|1 0
|2 ddc
|4 0
|6 332_153209200000000_WOL
|7 1
|9 70600
|a BRACUL
|b BRACUL
|c AAKC
|d 2022-05-12
|e Donated by Akbar Ali Khan
|l 0
|o 332.1532092 WOL
|p 3010038525
|r 2022-05-12
|t 1
|w 2022-05-12
|y BK
|